soccer players by nationality - Statistics

General Stats
  • This quiz has been taken 131 times
  • The average score is 14 of 21
Answer Stats
player name country % Correct
isco spain
99%
hulk brazil
95%
arda turan turkey
87%
jeremy toulalan france
84%
carlos vela mexico
83%
marcel schmelzer germany
81%
jackson martinez colombia
77%
adebayo akinfenwa england
75%
grzegorz krychowiak poland
75%
obafemi martins nigeria
73%
simone pepe italy
72%
martin caceres uruguay
72%
gokhan inler switzerland
63%
nikica jelavic croatia
60%
ola john holland
56%
alberto costa argentina
52%
mathis bolly ivory coast
50%
dusan basta serbia
46%
martin stranzl austria
44%
zakaria bakkali belgium
44%
fallou senegal
18%
No matching quizzes found
Score Distribution
Percent of People with Each Score
Percentile by Number Answered
Your Score History
You have not taken this quiz